|
|
|
|
| LEADER |
02603nam a2200481 i 4500 |
| 001 |
mzk03001279519 |
| 003 |
CZ BrMZK |
| 005 |
20220707071721.0 |
| 007 |
ta |
| 008 |
211110s1780 xr fr|||||00| ||latod |
| 040 |
|
|
|a BOA001
|b cze
|e rda
|
| 072 |
|
7 |
|a 094
|x Staré tisky
|2 Konspekt
|9 12
|
| 072 |
|
7 |
|a 27-1/-2
|x Křesťanská teologie. Dogmatická teologie
|2 Konspekt
|9 12
|
| 080 |
|
|
|a 2-1
|2 MRF
|
| 080 |
|
|
|a (0.068)094
|2 MRF
|
| 080 |
|
|
|a (0:82-5)
|2 MRF
|
| 100 |
1 |
|
|a Stimpfl, Franz Xaver
|d aut
|
| 245 |
1 |
0 |
|a SANCTI JOANNIS APOSTOLI ET EVANGELISTAE LAUDATIO :
|b QUAM SUB RECTORATU REVERENDISSIMI, EXIMII, AC AMPLISSIMI DOMINI DOMINI JOANNIS THOMAE HRDLITZKA, IN ANTIQUISSIMA CAROLO-FERDINANDEA UNIVERSITATE PRAGENSI S.S. THEOLOGIAE DOCTORIS, S.M. ECCLESIA AD S. VITUM AC REGINAE-HRADECII CANONICI, SUAE CELSITUINIS D.D. ARCHIEPISCOPI PRAGENI TIT. PL. IN SPIRITUALIBUS VICARII GENERALIS ET OFFICIALIS, AD S. APOLINAREM IN MONTE VENTOSO DECANI ; VV. ECCLESIASTICORUM SACERDOTUM BENE MERITUM AD S. CAROLUM BORROM. DIRECTORIS, COLLEGII ARCHI-EPISCOPALIS AD S. SALVATOREM INSPECTORIS, HOC TEMPORE RECTORIS MAGNIFICI /
|c HABUIT IN BASILICA SALVATORIS COLL. ARCHIEPISCOPALIS MENSE MAJO M.D.C.C.LXX. FRANCISCUS STIMPFL, AA. LL. ET PHILOSOPH. MAG. THEOL. IN ANNUM II. AUDITOR, ET NOMINATI COLLEGII ALUMNUS
|
| 264 |
|
1 |
|a Vetero-Pragae :
|b Apud Franc. Augustin. Hoechenberger, Archiepiscopalem Typographum,
|c 1780
|
| 300 |
|
|
|a 2 nečíslované strany, 15 stran ;
|c 8° (19 cm)
|
| 336 |
|
|
|a text
|b txt
|2 rdacontent
|
| 337 |
|
|
|a bez média
|b n
|2 rdamedia
|
| 338 |
|
|
|a svazek
|b nc
|2 rdacarrier
|
| 500 |
|
|
|a Výzdoba : Vlys s vyobazením fontány, ozdobné klíšé k verzále, ozdobné linky, koncová vinětka
|
| 500 |
|
|
|a Titulní list tištěn majuskulami
|
| 561 |
|
|
|a Provenience: [Antikvariát Ztichlá klika, Praha, kup 08/2021]
|5 CZ-BrMZK
|
| 563 |
|
|
|a Bez obálky
|
| 510 |
4 |
|
|a BCBT,
|c BCBT02399
|u https://knihoveda.lib.cas.cz/Record/BCBT02399
|
| 650 |
0 |
7 |
|a teologie
|7 ph116425
|2 czenas
|
| 655 |
|
7 |
|a staré tisky
|7 fd422076
|2 czenas
|
| 655 |
|
7 |
|a kázání
|7 fd131846
|2 czenas
|
| 700 |
1 |
|
|a Hrdlička, Ján,
|d 1741-1810
|7 jk01042739
|4 hnr
|
| 903 |
|
|
|a RP
|
| 910 |
|
|
|a BOA001
|b ST1-1476.123
|
| 978 |
|
|
|b Höchenberger, František Augustin
|a Praha
|c 1780
|
| 978 |
|
|
|b Tiskárna arcibiskupská
|a Praha
|c 1780
|
| 982 |
2 |
|
|a Galerie Ztichlá klika (Praha, Česko)
|7 ko2002149035
|
| 984 |
|
|
|a Praha
|b Česko
|
| 985 |
|
|
|a 1751-1800
|
| 990 |
|
|
|a BK
|
| 993 |
|
|
|a Y
|
| 991 |
|
|
|k mzk
|
| 996 |
6 |
|
|b 2610885328
|c ST1-1476.123
|l stud. ST
|r Sklad / do násl. otevíracího dne
|n 0
|p kup
|w 001869006
|u 000010
|a 1
|e BOA001
|s P
|